ARRUPE JESUIT UNIVERSITY

CORONAVIRUS -STOP THE SPREAD - CLEAN,DISINFECT,COVER

The Cambridge companion to Thomas Reid / (Record no. 119613)

MARC details
000 -LEADER
fixed length control field 01354cam a22003254a 4500
001 - CONTROL NUMBER
control field 13163229
003 - CONTROL NUMBER IDENTIFIER
control field ARRUPE
005 - DATE AND TIME OF LATEST TRANSACTION
control field 20140121135709.0
008 - FIXED-LENGTH DATA ELEMENTS--GENERAL INFORMATION
fixed length control field 030415s2004 nyu b 001 0 eng
010 ## - LIBRARY OF CONGRESS CONTROL NUMBER
LC control number 2003051249
020 ## - INTERNATIONAL STANDARD BOOK NUMBER
International Standard Book Number 0521812704 (hc)
020 ## - INTERNATIONAL STANDARD BOOK NUMBER
International Standard Book Number 0521012082 (pbk.)
040 ## - CATALOGING SOURCE
Original cataloging agency DLC
Transcribing agency DLC
Modifying agency DLC
042 ## - AUTHENTICATION CODE
Authentication code pcc
050 00 - LIBRARY OF CONGRESS CALL NUMBER
Classification number B1537
Item number .C36 2004
082 00 - DEWEY DECIMAL CLASSIFICATION NUMBER
Classification number 192
Edition number 21
300 ## - PHYSICAL DESCRIPTION
Dimensions 23 cm.
245 04 - TITLE STATEMENT
Title The Cambridge companion to Thomas Reid /
Statement of responsibility, etc edited by Terence Cuneo, René van Woudenberg.
260 ## - PUBLICATION, DISTRIBUTION, ETC. (IMPRINT)
Place of publication, distribution, etc New York :
Name of publisher, distributor, etc Cambridge University Press,
Date of publication, distribution, etc 2004.
300 ## - PHYSICAL DESCRIPTION
Extent xxii, 369 p. ;
504 ## - BIBLIOGRAPHY, ETC. NOTE
Bibliography, etc Includes bibliographical references (p. 341-360) and index.
600 10 - SUBJECT ADDED ENTRY--PERSONAL NAME
Personal name Reid, Thomas,
Dates associated with a name 1710-1796.
9 (RLIN) 6813
700 1# - ADDED ENTRY--PERSONAL NAME
Personal name Cuneo, Terence,
Dates associated with a name 1969-
9 (RLIN) 6814
700 1# - ADDED ENTRY--PERSONAL NAME
Personal name Woudenberg, René van.
9 (RLIN) 6815
856 41 - ELECTRONIC LOCATION AND ACCESS
Materials specified Table of contents
Uniform Resource Identifier <a href="http://www.loc.gov/catdir/toc/cam051/2003051249.html">http://www.loc.gov/catdir/toc/cam051/2003051249.html</a>
856 42 - ELECTRONIC LOCATION AND ACCESS
Materials specified Publisher description
Uniform Resource Identifier <a href="http://www.loc.gov/catdir/description/cam051/2003051249.html">http://www.loc.gov/catdir/description/cam051/2003051249.html</a>
856 41 - ELECTRONIC LOCATION AND ACCESS
Materials specified Sample text
Uniform Resource Identifier <a href="http://www.loc.gov/catdir/samples/cam041/2003051249.html">http://www.loc.gov/catdir/samples/cam041/2003051249.html</a>
906 ## - LOCAL DATA ELEMENT F, LDF (RLIN)
a 7
b cbc
c orignew
d 1
e ocip
f 20
g y-gencatlg
942 ## - ADDED ENTRY ELEMENTS (KOHA)
Source of classification or shelving scheme Library of Congress Classification
Koha item type Monograph ( Printed materials)
Holdings
Withdrawn status Lost status Source of classification or shelving scheme Damaged status Not for loan Home library Current library Date acquired Total Checkouts Full call number Barcode Date last seen Date checked out Price effective from Koha item type
    Library of Congress Classification     ARRUPE LIBRARY ARRUPE LIBRARY 21/01/2014 9 B1537 .C36 2004 464122831 31/08/2020 02/03/2020 21/01/2014 Monograph ( Printed materials)

 

Arrupe Library. PO Box MP320 Mt Pleasant, Harare, Zimbabwe
263 242 745411|librarian@aju.ac.zw